000 00308nam a2200121 a 4500
005 20140414131918.0
008 101021s19uu xx 00 eng d
050 _aER
_bIs1 2003
100 _aMarzollo, Dan
245 _aI SPY PIRATE TREASURE.
260 _aNew York :
_bScholastic ,
_c2003.
999 _c111606
_d111606